Turbulence, coherent structures, dynamical systems, and symmetry
Αποθηκεύτηκε σε:
| Κύριος συγγραφέας: | |
|---|---|
| Άλλοι συγγραφείς: | , |
| Μορφή: | Βιβλίο |
| Γλώσσα: | English |
| Δημοσίευση: |
Cambridge; New York :
Cambridge University Press,
1996
|
| Σειρά: | Cambridge monographs on mechanics
|
| Θέματα: | |
| Ετικέτες: |
Προσθήκη ετικέτας
Δεν υπάρχουν, Καταχωρήστε ετικέτα πρώτοι!
|
MARC
| LEADER | 00000nam a2200000 i 4500 | ||
|---|---|---|---|
| 001 | 1/48360 | ||
| 008 | 070717s1996 eng d | ||
| 020 | |a 0-521-63419-9 (pbk.) | ||
| 035 | |l 10088893 | ||
| 040 | |a GR-MY-UA |b gre |e aacr | ||
| 041 | 0 | |a eng | |
| 082 | 0 | |a 532.0527 |2 (22) | |
| 100 | 1 | |a Holmes, Philip |d 1945- | |
| 245 | 1 | 0 | |a Turbulence, coherent structures, dynamical systems, and symmetry / |c Philip Holmes, John L. Lumley, and Gal Berkooz |
| 260 | |a Cambridge; New York : |b Cambridge University Press, |c 1996 | ||
| 300 | |a xviii, 420 σ.; |b εικ.; |c 24 εκ. | ||
| 490 | 1 | |a Cambridge monographs on mechanics | |
| 504 | |a Περιέχει βιβλιογραφία (σ. 401-416) και ευρετήριο | ||
| 650 | 0 | 0 | |a Turbulence. |
| 650 | 0 | 0 | |a Differentiable dynamical systems. |
| 700 | 1 | |a Lumley, John L. |q (John Leask) |d 1930- | |
| 700 | 1 | |a Berkooz, Gal. | |
| 830 | 0 | |a Cambridge monographs on mechanics | |
| 852 | |a INST |b LESVOS |e 20070717 |h 532.0527 HOL |p 005100041391 |q 005100041391 |t BK |y 0 | ||
| 901 | |a BIBL1-2007-2 | ||
| 909 | |a Λ |b 135725 | ||
| 922 | |a 1ΕΛΗ |b 200706 |c ΕΠΕΑΕΚ2/ΤΕΘ |d ΠΑΠΑΣΩΤΗΡΙΟΥ | ||
| 970 | |a ΚΑΡΑ |b ΓΙΑΣΕΜΗ |z 2007/07/17 | ||